|
|
|
|
| LEADER |
00000naa a2200000uu 4500 |
| 001 |
vtls010937036 |
| 003 |
SK-MaSNL |
| 005 |
20260302120001.0 |
| 008 |
210902|2000 xo |||||||||||||||||slo| |
| 015 |
|
|
|a SNBRA
|
| 035 |
|
|
|a (urnnbn)urn:nbn:sk:snk:ar-a0b8lq
|
| 035 |
|
|
|a (uuid)5f5828de-190e-4564-8a8b-bdac63456901
|
| 035 |
|
|
|a urn:nbn:sk:snk-aau0y8
|
| 040 |
|
|
|a SNKBUCL
|b slo
|c SNKBUCL
|e AACR2
|
| 041 |
0 |
|
|a slo
|
| 044 |
|
|
|a xo
|c SK
|
| 100 |
1 |
|
|a Oťaheľ, Ján
|4 aut
|9 783454
|
| 245 |
1 |
0 |
|a VIZUÁLNO-ESTETICKÉ HODNOTENIE KRAJINY
|c Ján Oťaheľ
|
| 773 |
0 |
|
|t Krajina, človek, kultúra
|d Banská Bystrica : Slovenská agentúra životného prostredia, 2000
|g S. 232-235
|z 8088850339
|
| 958 |
|
|
|a OND
|
| 958 |
|
|
|a article11
|
| 958 |
|
|
|a chapter
|
| 999 |
|
|
|c 1267307
|d 1269237
|